| 000 | 01170naa a22003377a 4500 | ||
|---|---|---|---|
| 001 | BR9511942 | ||
| 003 | BR-BrBNA | ||
| 005 | 20240918181747.0 | ||
| 007 | ta | ||
| 008 | 230509b bl.||||| |||| 00| 0 por d | ||
| 040 |
_aBR-BrBNA _bpor _cBiblioteca Nacional de Agricultura |
||
| 041 | _a(Pt) | ||
| 072 |
_aH60 _b0120 |
||
| 090 | _aH60 BR9511942 | ||
| 100 | 1 | _aChemale, V.M. | |
| 100 | 1 | _aNuss, C. | |
| 100 | 1 | _aSchmidt, M.C.M. | |
| 100 | 1 | _aSouza, C.H. de | |
| 111 | 1 |
_a30. Reuniao Tecnica Anual do Milho _cPorto Alegre, RS (Brazil) _d6-8 Oct 1985 |
|
| 245 | 1 | _aAvaliacao de diferentes metodos de controle de plantas daninhas em relacao ao rendimento do milho | |
| 260 | 3 |
_aPorto Alegre, RS (Brasil): _c1985. |
|
| 500 | _a30. Reuniao Tecnica Anual do Milho. 1985. Ata Porto Alegre, RS (Brasil): 1985. p. 81-86 (BR9511942-AM)H60 | ||
| 650 | _aMilho | ||
| 650 | _aErva Daninha | ||
| 650 | _aHerbicida | ||
| 650 | _aControle Quimico | ||
| 650 | _aControle Mecanico | ||
| 773 | 0 |
_t30. Reuniao Tecnica Anual do Milho. 1985. Ata _wH60 BR9511942 _gPorto Alegre, RS (Brasil), 1985. p. 81-86 |
|
| 909 |
_a202404 _bLucia _c55 _dLucia Elande |
||
| 942 |
_cAM _2AGRIS |
||
| 999 |
_c326716 _d326716 |
||